Logo BPK

Biblioteka

Politechniki Koszalińskiej

Praktyczne zarządzanie jakością : (Rekord nr 31381)

Szczegóły MARC
000 -ETYKIETA REKORDU
podpole kontrolne o stałej długości 00922nam a2200265 i 4500
001 - NUMER KONTROLNY REKORDU
pole kontrolne bg
020 ## - MIĘDZYNARODOWY ZNORMALIZOWANY NUMER KSIĄŻKI - ISBN
ISBN 8387287008
040 ## - ŹRÓDŁO KATALOGOWANIA
Instytucja, która utworzyła rekord BPK
041 1# - KOD JĘZYKA
Kod języka tekstu pl
Kod języka oryginału de
080 ## - UNIWERSALNA KLASYFIKACJA DZIESIĘTNA - UKD
UKD 658.56.012.4:006
920 ## - Międzynarodowy znormalizowany numer książki – ISBN
ISBN 83-87287-00-8
008 - POLE O STAŁEJ DŁUGOŚCI - DANE KONTROLNE
podpole kontrolne o stałej długości s pl f |000 0 pol
100 1# - NAZWA OSOBOWA
Nazwa osobowa LEIST, Ralph
245 10 - TYTUŁ/ODPOWIEDZIALNOŚĆ
Tytuł Praktyczne zarządzanie jakością :
Ciąg dalszy tytułu metody i narzędzia stosowane do planowania i utrzymywania systemów jakości w przedsiębiorstwach, wg norm serii ISO 9000 /
Pozostałe elementy strefy tytułu i oznaczenia odpowiedzialności Ralph Leist ; red. nauk. wersji polskiej Władysław Roman Pawlak.
250 ## - STREFA WYDANIA
Oznaczenie wydania Stan na maj 1997.
260 ## - STREFA ADRESU WYDAWNICZEGO
Miejsce wydania Warszawa :
Nazwa wydawcy/dystrybutora ALFA-WEKA,
Data publikacji, dystrybucji/powstania dokumentu 1997.
300 ## - STREFA OPISU FIZYCZNEGO
Objętość Skoroszyt ;
Rozmiary 26 cm.
500 ## - UWAGI OGÓLNE
Tekst uwagi Aktualizacja bieżąca.
505 ## - SFORMALIZOWANA UWAGA DOTYCZĄCA ZAWARTOŚCI
Pełny tekst uwagi Zawiera moduły 7-11.
650 #9 - HASŁO PRZEDMIOTOWE W FORMIE NAZWY OGÓLNEJ LUB JEDNOSTKOWEJ
Nazwa ogólna lub geograficzna Jakość
Określnik ogólny normalizacja
650 #9 - HASŁO PRZEDMIOTOWE W FORMIE NAZWY OGÓLNEJ LUB JEDNOSTKOWEJ
Nazwa ogólna lub geograficzna Jakość
Określnik ogólny kontrola
-- organizacja
650 #9 - HASŁO PRZEDMIOTOWE W FORMIE NAZWY OGÓLNEJ LUB JEDNOSTKOWEJ
Nazwa ogólna lub geograficzna Przedsiębiorstwo
Określnik ogólny organizacja
700 1# - HASŁO DODATKOWE - NAZWA OSOBOWA
Nazwa osobowa PAWLAK, Władysław Roman
856 ## - LOKALIZACJA I DOSTĘP DO ELEKTRONICZNYCH DOKUMENTÓW ZDALNYCH
Link (URL) http://koha.tu.koszalin.pl/cgi-bin/koha/opac-detail.pl?biblionumber=31381
Tekst linku Katalog online BPK
942 ## - DODATKOWE ELEMENTY (KOHA)
Typ dokumentu Książka
Egzemplarze
Wycofany Status egzemplarza Uszkodzony Dostępność Lokalizacja stała Lokalizacja bieżąca Miejsce przechowywania Sygnatura Kod kreskowy Dział Typ dokumentu
      Tylko na miejscu Biblioteka Politechniki Koszalińskiej Biblioteka Politechniki Koszalińskiej Czytelnia BG 38717 01218886 005.6 Zarządzanie jakością Książka
© 2023 Biblioteka Politechniki Koszalińskiej :: KOHA